Crazy Click Numbers - Statistics

General Stats
  • This quiz has been taken 155 times
  • The average score is 28 of 30
Answer Stats
Hint Answer % Correct
Give me the lowest number 1
100%
Give me the highest number 4
100%
Give me a two 2
99%
Give me a three 3
99%
Give me the first answer of this quiz 1
97%
Give me that again 1
97%
Give me the number not included 4,1,3 2
96%
Give me the first answer of this quiz 1
95%
Give me not an 2,1,4 3
95%
Again! 3
95%
One More Time! 3
95%
Give me a 1+2 3
95%
Give me a 1 1
94%
You know what to do! 2
94%
Give me that again 3
94%
Double it again 4
94%
Almost Done, One More Time! 1
93%
Give me it again! 2
93%
One more time! 2
93%
Give me that again -1 1
92%
Okay, now subtract 1 1
92%
Give me a 2! 2
92%
Give me a 5, no wait a 3! 3
92%
Give me a 4! 4
92%
-2 1
91%
Give me the highest number subtracted by the lowest number 3
90%
Give me that again + 1 4
89%
Now double that 2
88%
Now subtract 2 and plus 3 4
80%
Now the second highest number subtracted by 1 2
70%
No matching quizzes found
Score Distribution
Percent of People with Each Score
Percentile by Number Answered
Your Score History
You have not taken this quiz